[Event "WY U-16 Chess Olympiad 2019"]
[Site "Corum"]
[Date "2019.10.29"]
[Round "1"]
[White "Mohamed Ali S"]
[Black "Baranciuc, Alexandr"]
[Result "0-1"]
[WhiteElo "1073"]
[BlackElo "1923"]
[Annotator "NA"]
[PlyCount "76"]
[EventDate "2019.10.28"]
[EventType "team-tourn"]
[EventCountry "TUR"]
[SourceTitle "playchess.com"]
[Source "ChessBase"]
[SourceQuality "1"]

1. e4 d6 2. Nf3 Nf6 3. Nc3 g6 4. Bc4 Bg7 5. d3 O-O 6. O-O a6 7. Bg5 b5 8. h3 bxc4 9. dxc4 Nbd7 10. Nh4 Bb7 11. Re1 Nc5 12. f3 Ne6 13. Be3 c5 14. Bf2 Nh5 15. Qd2 Be5 16. g4 Nhf4 17. Kh2 Nd3+ 18. Bg3 Nxe1 19. Rxe1 Bf6 20. Ne2 Nd4 21. c3 Bxh4 22. Nxd4 Bxg3+ 23. Kxg3 cxd4 24. cxd4 Qc7 25. d5 Qxc4 26. b3 Qb5 27. a4 Qxb3 28. a5 Rac8 29. h4 Rc3 30. h5 Rxf3+ 31. Kg2 Rg3+ 32. Kf1 Qf3+ 33. Qf2 Qxf2+ 34. Kxf2 Rxg4 35. e5 Bxd5 36. exd6 exd6 37. h6 Rg2+ 38. Ke3 Re8+ 0-1

[Event "WY U-16 Chess Olympiad 2019"]
[Site "Corum"]
[Date "2019.10.30"]
[Round "2"]
[White "Abdusattorov, Nodirbek"]
[Black "Juksta, Karolis"]
[Result "1/2-1/2"]
[WhiteElo "2608"]
[BlackElo "2310"]
[Annotator "TA"]
[PlyCount "113"]
[EventDate "2019.10.28"]
[EventType "team-tourn"]
[EventCountry "TUR"]
[SourceTitle "playchess.com"]
[Source "ChessBase"]
[SourceQuality "1"]

1. d4 e6 2. c4 d5 3. Nf3 Nf6 4. Nc3 Nbd7 5. cxd5 exd5 6. Bf4 c6 7. e3 Nh5 8. Bg5 Be7 9. Bxe7 Qxe7 10. Qc2 Nb6 11. O-O-O Nf6 12. Bd3 Bg4 13. Rdg1 Bxf3 14. gxf3 g6 15. Kb1 O-O-O 16. Ne2 Kb8 17. Nc1 Rc8 18. Nb3 Nfd7 19. Rc1 Rc7 20. h4 Rhc8 21. Nc5 Nxc5 22. dxc5 Nd7 23. h5 Nf6 24. hxg6 hxg6 25. Rh4 Ne4 26. Rg4 Ng5 27. f4 Ne6 28. Qc3 d4 29. exd4 Qf6 30. d5 Qxc3 31. Rxc3 cxd5 32. b4 b6 33. f5 gxf5 34. Bxf5 bxc5 35. bxc5 Rxc5 36. Rb4+ Ka8 37. Rcb3 Rc3 38. Kb2 Rxb3+ 39. axb3 Rh8 40. Rb5 Nc7 41. Rb4 Rh2 42. Rf4 Ne6 43. Bxe6 fxe6 44. Rf6 e5 45. Rf5 d4 46. Rxe5 Rxf2+ 47. Ka3 Kb7 48. Rd5 Rf4 49. Kb4 Kc6 50. Rd8 Kc7 51. Ra8 Kb7 52. Re8 Rf7 53. Rd8 Rf4 54. Kc5 Rf3 55. Rd7+ Kc8 56. Rxa7 Rxb3 57. Kxd4 1/2-1/2

[Event "WY U-16 Chess Olympiad 2019"]
[Site "Corum"]
[Date "2019.10.30"]
[Round "2"]
[White "Murzin, Volodar"]
[Black "Mhango, Banele"]
[Result "1-0"]
[WhiteElo "2433"]
[BlackElo "2010"]
[Annotator "TA"]
[PlyCount "129"]
[EventDate "2019.10.28"]
[EventType "team-tourn"]
[EventCountry "TUR"]
[SourceTitle "playchess.com"]
[Source "ChessBase"]
[SourceQuality "1"]

1. e4 c5 2. Nf3 d6 3. d4 cxd4 4. Nxd4 Nf6 5. Nc3 a6 6. f3 e5 7. Nb3 Be6 8. Be3 Be7 9. Qd2 O-O 10. O-O-O Nbd7 11. g4 b5 12. g5 b4 13. gxf6 bxc3 14. Qxc3 Nxf6 15. Na5 d5 16. Nc6 d4 17. Nxd8 dxc3 18. Nxe6 cxb2+ 19. Kb1 fxe6 20. Bc4 Kf7 21. Rd3 Rfc8 22. Bb3 a5 23. a4 Bc5 24. Bxc5 Rxc5 25. Rhd1 Nh5 26. Rd7+ Kf6 27. Bxe6 Ra6 28. Bb3 Kg5 29. Rf7 Rf6 30. Rg1+ Kf4 31. Rgxg7 Kxf3 32. Rxf6+ Nxf6 33. Rf7 Rc6 34. Bd5 Ra6 35. c4 Ke3 36. Bb7 Rb6 37. c5 Rb4 38. Rxf6 Rxb7 39. c6 Rc7 40. Rd6 Kxe4 41. Kxb2 Kf3 42. Kc3 e4 43. Kd4 e3 44. Rf6+ Ke2 45. Kc5 Kd2 46. Rd6+ Kc3 47. Re6 Kd2 48. Kb6 Rc8 49. Kb7 Rg8 50. c7 e2 51. c8=Q Rxc8 52. Kxc8 e1=Q 53. Rxe1 Kxe1 54. Kb7 h5 55. h4 Kf2 56. Kb6 Kg3 57. Kxa5 Kxh4 58. Kb4 Kg3 59. a5 h4 60. a6 h3 61. a7 Kg2 62. a8=Q+ Kg1 63. Qg8+ Kh1 64. Qc4 Kh2 65. Qg4 1-0

[Event "WY U-16 Chess Olympiad 2019"]
[Site "Corum"]
[Date "2019.10.30"]
[Round "2"]
[White "Budisavljevic, Luka"]
[Black "Vithanage, I A"]
[Result "1-0"]
[WhiteElo "2432"]
[BlackElo "1600"]
[Annotator "TA"]
[PlyCount "75"]
[EventDate "2019.10.28"]
[EventType "team-tourn"]
[EventCountry "TUR"]
[SourceTitle "playchess.com"]
[Source "ChessBase"]
[SourceQuality "1"]

1. d4 d5 2. Bf4 Nf6 3. e3 e6 4. Nd2 Be7 5. Ngf3 Nbd7 6. Bd3 O-O 7. Ne5 c5 8. c3 Qb6 9. Rb1 Bd6 10. Bg3 Qc7 11. f4 b6 12. Qf3 g6 13. Bf2 Ne8 14. Qg4 Ng7 15. Qh3 Be7 16. g4 Nf6 17. Qf3 Bd7 18. h4 h5 19. gxh5 Nfxh5 20. Qg2 Be8 21. Nf1 cxd4 22. cxd4 a6 23. Kd1 Rc8 24. Be1 b5 25. Ng3 a5 26. Nxh5 Nxh5 27. Bd2 b4 28. Rc1 Qd8 29. Rxc8 Qxc8 30. Be2 Kh7 31. Bxh5 gxh5 32. Rg1 Bf6 33. Qf3 Bg7 34. Qxh5+ Bh6 35. Ng4 Ba4+ 36. Ke1 Qc2 37. Qxh6+ Kg8 38. Nf6# 1-0

[Event "WY U-16 Chess Olympiad 2019"]
[Site "Corum"]
[Date "2019.10.30"]
[Round "2"]
[White "Suleymanli, Aydin"]
[Black "Ke, Ivan"]
[Result "1-0"]
[WhiteElo "2426"]
[BlackElo "2321"]
[Annotator "TA"]
[PlyCount "49"]
[EventDate "2019.10.28"]
[EventType "team-tourn"]
[EventCountry "TUR"]
[SourceTitle "playchess.com"]
[Source "ChessBase"]
[SourceQuality "1"]

1. d4 d5 2. c4 e6 3. Nc3 c6 4. Nf3 Nf6 5. e3 Nbd7 6. Qc2 Bd6 7. g4 dxc4 8. Bxc4 e5 9. Bd2 b5 10. Be2 O-O 11. g5 Nd5 12. Ne4 Qc7 13. Rc1 Bb7 14. dxe5 Bxe5 15. Ng3 Rfe8 16. O-O a6 17. Nxe5 Qxe5 18. f4 Qc7 19. e4 Qb6+ 20. Rf2 Nc7 21. f5 Ne5 22. Qc3 b4 23. Qxb4 Nb5 24. a4 c5 25. Qb3 1-0

[Event "WY U-16 Chess Olympiad 2019"]
[Site "Corum"]
[Date "2019.10.30"]
[Round "2"]
[White "Lin, Yi"]
[Black "Nogerbek, Kazybek"]
[Result "1/2-1/2"]
[WhiteElo "2425"]
[BlackElo "2387"]
[Annotator "TA"]
[PlyCount "47"]
[EventDate "2019.10.28"]
[EventType "team-tourn"]
[EventCountry "TUR"]
[SourceTitle "playchess.com"]
[Source "ChessBase"]
[SourceQuality "1"]

1. d4 Nf6 2. c4 e6 3. Nf3 d5 4. g3 dxc4 5. Bg2 Bd7 6. Ne5 Bc6 7. Nxc6 Nxc6 8. O-O Qd7 9. e3 Rd8 10. Nd2 b5 11. a4 a6 12. axb5 axb5 13. Ne4 Be7 14. Bd2 e5 15. Qf3 Nb8 16. Nxf6+ Bxf6 17. Bb4 Be7 18. Bxe7 Qxe7 19. Qb7 O-O 20. Qxb5 exd4 21. exd4 Rxd4 22. Rfd1 Qd7 23. Qxd7 Rxd7 24. Rxd7 1/2-1/2

[Event "WY U-16 Chess Olympiad 2019"]
[Site "Corum"]
[Date "2019.10.30"]
[Round "2"]
[White "Babazada, Khazar"]
[Black "Asavasaetakul, Chawit"]
[Result "1-0"]
[WhiteElo "2408"]
[BlackElo "1746"]
[Annotator "TA"]
[PlyCount "85"]
[EventDate "2019.10.28"]
[EventType "team-tourn"]
[EventCountry "TUR"]
[SourceTitle "playchess.com"]
[Source "ChessBase"]
[SourceQuality "1"]

1. e4 c6 2. d4 d5 3. Nc3 dxe4 4. Nxe4 Bf5 5. Ng3 Bg6 6. Nf3 Nd7 7. h4 h6 8. h5 Bh7 9. Bd3 Bxd3 10. Qxd3 e6 11. Bd2 Ngf6 12. O-O-O Be7 13. Kb1 O-O 14. Ne4 Nxe4 15. Qxe4 Nf6 16. Qe2 Qd5 17. c4 Qe4+ 18. Qxe4 Nxe4 19. Be1 Rfd8 20. Kc2 c5 21. b3 cxd4 22. Nxd4 Bc5 23. Rh4 Rxd4 24. Rxd4 Bxd4 25. Rxe4 Rd8 26. f4 Bc5 27. Bc3 a6 28. a4 Rd6 29. b4 Bf2 30. c5 Rd5 31. Re5 Rxe5 32. Bxe5 Kf8 33. Bd6+ Ke8 34. Kd3 Bh4 35. Be5 g6 36. g4 gxh5 37. gxh5 Bg3 38. Ke4 Be1 39. b5 axb5 40. axb5 Bb4 41. c6 bxc6 42. b6 Bc5 43. b7 1-0

[Event "WY U-16 Chess Olympiad 2019"]
[Site "Corum"]
[Date "2019.10.30"]
[Round "2"]
[White "Avila Pavas, Santiago"]
[Black "Lazavik, Denis"]
[Result "1/2-1/2"]
[WhiteElo "2406"]
[BlackElo "2368"]
[Annotator "TA"]
[PlyCount "126"]
[EventDate "2019.10.28"]
[EventType "team-tourn"]
[EventCountry "TUR"]
[SourceTitle "playchess.com"]
[Source "ChessBase"]
[SourceQuality "1"]

1. d4 d5 2. Bf4 Nf6 3. e3 e6 4. Nf3 Bd6 5. Bg3 O-O 6. Nbd2 c5 7. c3 b6 8. Bd3 Nc6 9. e4 Be7 10. e5 Nh5 11. a3 a5 12. Qe2 Ra7 13. Nf1 f5 14. exf6 Bxf6 15. Ne3 cxd4 16. Nxd4 Nxd4 17. Bxh7+ Kxh7 18. Qxh5+ Kg8 19. cxd4 Bxd4 20. O-O-O Qf6 21. Ng4 Bxb2+ 22. Kb1 Qf5+ 23. Qxf5 exf5 24. Kxb2 f4 25. Bh4 Bxg4 26. f3 Be6 27. Rhe1 Bf7 28. Bg5 Rc7 29. Bxf4 Rc4 30. Be3 b5 31. Rc1 b4 32. a4 Rb8 33. Red1 Re8 34. Re1 Re6 35. Bg5 Rd6 36. Red1 Ra6 37. Bd8 Ra8 38. Bb6 Ra6 39. Bd8 Be6 40. Re1 Kf7 41. g4 Ra8 42. Bb6 Ra6 43. Bd8 Ra8 44. Bb6 Bd7 45. Kb3 Rac8 46. Kb2 Bxa4 47. Bxa5 Rc2+ 48. Kb1 b3 49. Bb4 d4 50. Rcd1 R2c4 51. Ba3 b2 52. Rd2 Bc2+ 53. Kxb2 Rb8+ 54. Ka1 Ra8 55. Kb2 d3 56. Re7+ Kg8 57. Rb7 Ra6 58. h4 Rcc6 59. Bb4 Rcb6 60. Rxb6 Rxb6 61. Kc3 Rf6 62. Rf2 Bd1 63. Kxd3 Rxf3+ 1/2-1/2

[Event "WY U-16 Chess Olympiad 2019"]
[Site "Corum"]
[Date "2019.10.30"]
[Round "2"]
[White "Larkin, Vladyslav"]
[Black "Svanda, Ondrej"]
[Result "1/2-1/2"]
[WhiteElo "2405"]
[BlackElo "2268"]
[Annotator "TA"]
[PlyCount "98"]
[EventDate "2019.10.28"]
[EventType "team-tourn"]
[EventCountry "TUR"]
[SourceTitle "playchess.com"]
[Source "ChessBase"]
[SourceQuality "1"]

1. c4 c5 2. g3 g6 3. Bg2 Bg7 4. Nc3 Nc6 5. a3 Nf6 6. d3 O-O 7. Rb1 a5 8. Nf3 d6 9. O-O e5 10. Ne1 Be6 11. Bg5 h6 12. Bxf6 Bxf6 13. Nc2 Rc8 14. b4 axb4 15. axb4 b6 16. b5 Ne7 17. Ne3 Bg7 18. Qa4 f5 19. Ned5 e4 20. dxe4 Bxd5 21. Nxd5 Nxd5 22. exd5 Ra8 23. Qc2 Qf6 24. Rb3 Rfe8 25. e4 fxe4 26. Bxe4 g5 27. Bf5 Ra7 28. Be6+ Kh8 29. Kg2 Rf8 30. Re1 Qd4 31. Ree3 Ra1 32. Ra3 Rd1 33. Ra2 Ra1 34. Rxa1 Qxa1 35. Qg6 Rf6 36. Qh5 Qd4 37. Bf7 Kh7 38. Rf3 Qe4 39. Be6 Qxf3+ 40. Qxf3 Rxf3 41. Kxf3 Bd4 42. Ke2 Kg6 43. Bd7 Kf6 44. h3 Be5 45. Bc8 Bd4 46. f4 gxf4 47. gxf4 Bc3 48. Kf3 Bd2 49. Kg4 Be3 1/2-1/2

[Event "WY U-16 Chess Olympiad 2019"]
[Site "Corum"]
[Date "2019.10.30"]
[Round "2"]
[White "Nalbant, Tuna Onat"]
[Black "Talukdar, Rohan"]
[Result "0-1"]
[WhiteElo "2401"]
[BlackElo "2369"]
[Annotator "RC"]
[PlyCount "100"]
[EventDate "2019.10.28"]
[EventType "team-tourn"]
[EventCountry "TUR"]
[SourceTitle "playchess.com"]
[Source "ChessBase"]
[SourceQuality "1"]

1. e4 c5 2. Nf3 d6 3. d4 cxd4 4. Nxd4 Nf6 5. Nc3 a6 6. h3 e5 7. Nde2 h5 8. Bg5 Be6 9. Bxf6 Qxf6 10. Nd5 Qd8 11. Qd3 Nd7 12. O-O-O g6 13. Kb1 Nc5 14. Qf3 Bg7 15. Nec3 O-O 16. g4 h4 17. Qe3 Bxd5 18. Nxd5 Bf6 19. Nxf6+ Qxf6 20. g5 Qe7 21. Bc4 Ne6 22. Rhg1 Nf4 23. Rg4 Rac8 24. Bd5 Kg7 25. Rdg1 Rh8 26. Rxf4 exf4 27. Qxf4 Rcf8 28. Qe3 f6 29. a3 fxg5 30. Rxg5 Rxf2 31. Rxg6+ Kxg6 32. Qxf2 Rf8 33. Qe2 Rf4 34. Ka2 b5 35. Qg2+ Qg5 36. Qe2 Rf6 37. Bc6 Kg7 38. Bd7 Qc5 39. Qg4+ Rg6 40. Qd1 Rg2 41. c3 Qxc3 42. Qb1 b4 43. axb4 Qxb4 44. Qc1 Qa5+ 45. Kb1 Qc5 46. Qxc5 dxc5 47. Ka2 Kf6 48. Kb3 Ke5 49. Bf5 Kd4 50. Bh7 Rg3+ 0-1

[Event "WY U-16 Chess Olympiad 2019"]
[Site "Corum"]
[Date "2019.10.30"]
[Round "2"]
[White "Avalyan, Artur"]
[Black "Dinham, James"]
[Result "1-0"]
[WhiteElo "2395"]
[BlackElo "1589"]
[Annotator "TA"]
[PlyCount "101"]
[EventDate "2019.10.28"]
[EventType "team-tourn"]
[EventCountry "TUR"]
[SourceTitle "playchess.com"]
[Source "ChessBase"]
[SourceQuality "1"]

1. d4 d5 2. c4 e6 3. Nf3 Nf6 4. g3 Be7 5. Bg2 O-O 6. O-O c6 7. b3 a5 8. Nc3 Bb4 9. Qc2 Nbd7 10. a3 Bxc3 11. Qxc3 a4 12. b4 Ne4 13. Qc2 Nb6 14. c5 Nd7 15. Ne5 Nef6 16. Bf4 Nxe5 17. dxe5 Nd7 18. h4 b6 19. cxb6 Qxb6 20. Rfc1 Bb7 21. Qd2 Rfc8 22. Rab1 Ba6 23. h5 Bb5 24. h6 g6 25. Rc3 Qc7 26. Rbc1 Nb6 27. Qd4 Nc4 28. e4 Qa7 29. Qd1 Nb2 30. Qc2 Nc4 31. g4 Qe7 32. g5 Rd8 33. exd5 cxd5 34. Qd1 Rac8 35. Qd4 Rc6 36. Rf3 Rdc8 37. Rcc3 Qb7 38. Bg3 Qe7 39. Rf6 Nb6 40. Rcf3 Rf8 41. Qe3 Qc7 42. Bh3 Nd7 43. Qf4 Rc4 44. Qe3 Nxf6 45. Rxf6 d4 46. Qd2 d3 47. Rf3 Rc2 48. Qf4 d2 49. Qf6 d1=Q+ 50. Kh2 Rxf2+ 51. Rxf2 1-0

[Event "WY U-16 Chess Olympiad 2019"]
[Site "Corum"]
[Date "2019.10.30"]
[Round "2"]
[White "Assaubayeva, Bibisara"]
[Black "Yu, Kaifeng"]
[Result "1/2-1/2"]
[WhiteElo "2381"]
[BlackElo "2367"]
[Annotator "TA"]
[PlyCount "70"]
[EventDate "2019.10.28"]
[EventType "team-tourn"]
[EventCountry "TUR"]
[SourceTitle "playchess.com"]
[Source "ChessBase"]
[SourceQuality "1"]

1. Nf3 Nf6 2. d4 e6 3. c4 d5 4. Nc3 Be7 5. Bg5 h6 6. Bxf6 Bxf6 7. e3 O-O 8. Rc1 c6 9. Bd3 b6 10. O-O Bb7 11. e4 dxc4 12. Bxc4 Nd7 13. e5 Be7 14. Qe2 Qb8 15. Qe4 Rd8 16. Qg4 c5 17. d5 Nxe5 18. Nxe5 Qxe5 19. dxe6 f5 20. Qg6 Kh8 21. Qf7 Qf6 22. Rcd1 g6 23. Nd5 Bxd5 24. Bxd5 Rac8 25. Rfe1 Rc7 26. Bc4 Rxd1 27. Rxd1 Qxf7 28. exf7 Kg7 29. Re1 a6 30. Bxa6 Kxf7 31. Bc4+ Kg7 32. Re6 Rd7 33. Rxb6 Rd1+ 34. Bf1 Bf6 35. b3 Rd2 1/2-1/2

[Event "WY U-16 Chess Olympiad 2019"]
[Site "Corum"]
[Date "2019.10.30"]
[Round "2"]
[White "Barseghyan, Armen Ar."]
[Black "Kuhar, Larisa"]
[Result "1-0"]
[WhiteElo "2381"]
[BlackElo "2030"]
[Annotator "TA"]
[PlyCount "55"]
[EventDate "2019.10.28"]
[EventType "team-tourn"]
[EventCountry "TUR"]
[SourceTitle "playchess.com"]
[Source "ChessBase"]
[SourceQuality "1"]

1. e4 c5 2. Nc3 Nc6 3. Bb5 Nd4 4. Nf3 Nxb5 5. Nxb5 d6 6. d4 Nf6 7. Qd3 a6 8. Nc3 cxd4 9. Nxd4 e5 10. Nf5 Bxf5 11. exf5 d5 12. Bg5 d4 13. Bxf6 Qxf6 14. Ne4 Qc6 15. O-O Rc8 16. c3 Rd8 17. Rfe1 dxc3 18. Qg3 f6 19. Nxc3 Qc7 20. Rac1 Qf7 21. f4 Bc5+ 22. Kh1 Bd4 23. Ne4 O-O 24. b3 Rfe8 25. Rcd1 Kh8 26. fxe5 Bxe5 27. Qf3 b6 28. Nf2 1-0

[Event "WY U-16 Chess Olympiad 2019"]
[Site "Corum"]
[Date "2019.10.30"]
[Round "2"]
[White "Kizilkus, Akin"]
[Black "Rodrigue-Lemieux, Shawn"]
[Result "1/2-1/2"]
[WhiteElo "2381"]
[BlackElo "2263"]
[Annotator "TA"]
[PlyCount "78"]
[EventDate "2019.10.28"]
[EventType "team-tourn"]
[EventCountry "TUR"]
[SourceTitle "playchess.com"]
[Source "ChessBase"]
[SourceQuality "1"]

1. d4 Nf6 2. c4 e6 3. Nc3 Bb4 4. Qc2 O-O 5. a3 Bxc3+ 6. Qxc3 b6 7. Nf3 Bb7 8. e3 d5 9. cxd5 exd5 10. Be2 Nbd7 11. O-O Re8 12. b4 Ne4 13. Qb3 Nd6 14. b5 Nc4 15. a4 a6 16. Rb1 axb5 17. axb5 Nf6 18. Nd2 Nd6 19. Ba3 Nfe4 20. Nf3 Re6 21. Bb4 Nf5 22. Ra1 Ned6 23. Ne5 Qe8 24. Rxa8 Bxa8 25. Rc1 f6 26. Nf3 Nxb5 27. Bxb5 Qxb5 28. Rxc7 Rc6 29. Rxc6 Qxc6 30. Qa3 h5 31. h3 Bb7 32. Ne1 Qc4 33. Qc3 Qxc3 34. Bxc3 Kf7 35. Nd3 g5 36. Nb4 Ke6 37. Kf1 Ne7 38. Ke1 Nc6 39. Nxc6 Bxc6 1/2-1/2

[Event "WY U-16 Chess Olympiad 2019"]
[Site "Corum"]
[Date "2019.10.30"]
[Round "2"]
[White "Nurmamedov, Azat"]
[Black "Aronyak Ghosh"]
[Result "0-1"]
[WhiteElo "2368"]
[BlackElo "2380"]
[Annotator "TA"]
[PlyCount "110"]
[EventDate "2019.10.28"]
[EventType "team-tourn"]
[EventCountry "TUR"]
[SourceTitle "playchess.com"]
[Source "ChessBase"]
[SourceQuality "1"]

1. e4 c5 2. Nf3 d6 3. d4 Nf6 4. Nc3 cxd4 5. Nxd4 Bd7 6. g3 Nc6 7. Bg2 Nxd4 8. Qxd4 Bc6 9. O-O g6 10. Nd5 Bg7 11. Bg5 O-O 12. Qd3 Nxd5 13. exd5 Bd7 14. c3 Re8 15. Rfe1 Qb6 16. Qd2 Bf6 17. Be3 Qc7 18. h4 h5 19. Bd4 Bf5 20. Re3 Qa5 21. a3 Qa4 22. Rd1 Rac8 23. Be4 Bxd4 24. cxd4 Bxe4 25. Rxe4 Rc2 26. Qe3 Rxb2 27. Re1 Qb3 28. Qxb3 Rxb3 29. Rxe7 Rxe7 30. Rxe7 Kf8 31. Rc7 a5 32. a4 Rb4 33. Kg2 Kg7 34. Kf3 Rxa4 35. Rxb7 Rxd4 36. Rb5 a4 37. Ke3 Rd1 38. Ra5 Ra1 39. Ra6 a3 40. Kf4 a2 41. Ra8 f6 42. Kf3 Kf7 43. Kg2 Ke7 44. Ra6 Kd7 45. f3 f5 46. f4 Kc7 47. Kh2 Kb7 48. Ra3 Kb6 49. Kg2 Kc5 50. Ra5+ Kc4 51. Kh2 Kb3 52. Rb5+ Ka4 53. Rb6 Rb1 54. Ra6+ Kb3 55. Rb6+ Kc4 0-1

[Event "WY U-16 Chess Olympiad 2019"]
[Site "Corum"]
[Date "2019.10.30"]
[Round "2"]
[White "Tarlabasi, Emirhan"]
[Black "Lashkin, Jegor"]
[Result "1-0"]
[WhiteElo "2365"]
[BlackElo "2304"]
[Annotator "RC"]
[PlyCount "105"]
[EventDate "2019.10.28"]
[EventType "team-tourn"]
[EventCountry "TUR"]
[SourceTitle "playchess.com"]
[Source "ChessBase"]
[SourceQuality "1"]

1. d4 Nf6 2. c4 e6 3. Nc3 Bb4 4. Nf3 d5 5. Qa4+ Nc6 6. e3 O-O 7. Bd2 dxc4 8. Bxc4 Bd6 9. O-O e5 10. h3 a6 11. Qc2 exd4 12. Nxd4 Nb4 13. Qb1 b5 14. Be2 c5 15. Nf5 Bb8 16. Rd1 Qd7 17. e4 Qc7 18. g3 Bxf5 19. exf5 Nc6 20. Bf3 Ra7 21. Be3 Nd4 22. Bg2 b4 23. Ne4 Qe5 24. Nxc5 Ne2+ 25. Kh2 Nxg3 26. Bd4 Qf4 27. fxg3 Qxg3+ 28. Kg1 Nh5 29. Qd3 Qh2+ 30. Kf1 Re7 31. Bf2 Ba7 32. Rac1 Qf4 33. Qf3 Qh6 34. Re1 Rc7 35. Be3 g5 36. Ne4 Rxc1 37. Rxc1 Bxe3 38. Qxe3 Nf4 39. Qg3 f6 40. Qb3+ Kh8 41. Rc6 g4 42. hxg4 Rg8 43. Rxf6 Qg7 44. Bf3 Rc8 45. Qf7 Nd3 46. Qxg7+ Kxg7 47. Rxa6 Nxb2 48. Ra7+ Kf8 49. Ng5 Nd3 50. Nxh7+ Ke8 51. f6 Ne5 52. Bd5 Rc1+ 53. Kg2 1-0

[Event "WY U-16 Chess Olympiad 2019"]
[Site "Corum"]
[Date "2019.10.30"]
[Round "2"]
[White "Katopodis, Dimitrios"]
[Black "Navaratnam, Rohan Shan Tze"]
[Result "0-1"]
[WhiteElo "2353"]
[BlackElo "2061"]
[Annotator "TA"]
[PlyCount "132"]
[EventDate "2019.10.28"]
[EventType "team-tourn"]
[EventCountry "TUR"]
[SourceTitle "playchess.com"]
[Source "ChessBase"]
[SourceQuality "1"]

1. d4 d5 2. Nf3 Nf6 3. c4 c6 4. Qc2 dxc4 5. Qxc4 Bf5 6. g3 e6 7. Bg2 Be7 8. O-O O-O 9. e3 Nbd7 10. Qe2 Qc7 11. Nc3 e5 12. dxe5 Nxe5 13. Nxe5 Qxe5 14. e4 Be6 15. Bf4 Qa5 16. Bd2 Qb6 17. Be3 Qa5 18. h3 Rfe8 19. f4 Rad8 20. g4 Bc5 21. Bxc5 Qxc5+ 22. Qf2 Qxf2+ 23. Rxf2 Rd4 24. e5 Nd5 25. f5 Bd7 26. Bxd5 cxd5 27. Re1 Rd3 28. Kh2 Bc6 29. e6 d4 30. Ne4 Re3 31. exf7+ Kxf7 32. Ng5+ Kf6 33. Nxh7+ Ke5 34. Ref1 d3 35. f6 gxf6 36. Nxf6 Rd8 37. g5 d2 38. Rd1 Red3 39. Ng4+ Ke6 40. Re2+ Kf5 41. Ne5 Re8 42. Rf1+ Kxg5 43. Rg1+ Kh5 44. Rd1 Rd5 45. Rdxd2 Rxd2 46. Rxd2 Rxe5 47. Kg3 Re3+ 48. Kf4 Rxh3 49. Ke5 Kg6 50. Kd6 Rh7 51. Rf2 Rf7 52. Re2 Rd7+ 53. Ke6 Rd1 54. Ke5 Kf7 55. Rh2 Rd5+ 56. Kf4 Ke6 57. Rh6+ Kd7 58. Ke3 Kc7 59. Rh7+ Kb6 60. Rh6 Kc5 61. Rh4 Rg5 62. Kd3 Rg3+ 63. Kd2 Be8 64. Rh7 Rg2+ 65. Kc3 Rg3+ 66. Kd2 Kc6 0-1

[Event "WY U-16 Chess Olympiad 2019"]
[Site "Corum"]
[Date "2019.10.30"]
[Round "2"]
[White "Petkov, Momchil"]
[Black "Borhy, Marcell"]
[Result "1-0"]
[WhiteElo "2333"]
[BlackElo "2321"]
[Annotator "TA"]
[PlyCount "85"]
[EventDate "2019.10.28"]
[EventType "team-tourn"]
[EventCountry "TUR"]
[SourceTitle "playchess.com"]
[Source "ChessBase"]
[SourceQuality "1"]

1. e4 d6 2. d4 Nf6 3. Nc3 e5 4. Nf3 Nbd7 5. g4 Nxg4 6. Rg1 Ngf6 7. Bc4 h6 8. Be3 c6 9. Qd3 b5 10. Bb3 Qa5 11. O-O-O Ba6 12. Ne2 c5 13. dxc5 dxc5 14. c4 b4 15. Qc2 O-O-O 16. Nd2 g6 17. f4 Bb7 18. Rgf1 Be7 19. fxe5 Ng4 20. Bg1 Bg5 21. Nf4 Bxf4 22. Rxf4 Ngxe5 23. Nf1 Qc7 24. Rf2 Qc6 25. Ng3 Nb6 26. Rff1 a5 27. Rd5 Nxd5 28. cxd5 Qc7 29. Rf6 Kb8 30. Kb1 Rc8 31. Qe2 Qd7 32. Qf1 Rhf8 33. Qf4 Rfe8 34. Bd1 g5 35. Qf1 Rf8 36. Nf5 Rc7 37. Be2 h5 38. Bb5 Qd8 39. Rd6 Qc8 40. Rb6 Nd7 41. Ne7 Qe8 42. d6 Ka7 43. Rxb7+ 1-0

[Event "WY U-16 Chess Olympiad 2019"]
[Site "Corum"]
[Date "2019.10.30"]
[Round "2"]
[White "Sprenar, Petr"]
[Black "Galperin, Platon"]
[Result "1/2-1/2"]
[WhiteElo "2329"]
[BlackElo "2469"]
[Annotator "TA"]
[PlyCount "79"]
[EventDate "2019.10.28"]
[EventType "team-tourn"]
[EventCountry "TUR"]
[SourceTitle "playchess.com"]
[Source "ChessBase"]
[SourceQuality "1"]

1. d4 f5 2. g3 Nf6 3. Bg2 g6 4. c4 Bg7 5. Nc3 O-O 6. Nh3 d6 7. d5 Na6 8. Nf4 Nc5 9. Be3 e5 10. dxe6 Nxe6 11. O-O c6 12. Qd2 Qe7 13. h3 Rd8 14. Rad1 Nc7 15. Rfe1 Qf7 16. b3 h6 17. Nd3 Kh7 18. f4 Be6 19. Bf2 d5 20. Nc5 d4 21. Nb1 b6 22. Nxe6 Qxe6 23. Qc2 Ne4 24. e3 dxe3 25. Bxe3 Nxg3 26. Bxb6 axb6 27. Rxe6 Nxe6 28. Kh2 Nh5 29. Bxc6 Rxa2 30. Qxa2 Rxd1 31. Bf3 Rd3 32. Bxh5 gxh5 33. Qa7 Rxb3 34. Na3 Nxf4 35. Nb5 Rxh3+ 36. Kg1 Rg3+ 37. Kh2 Rh3+ 38. Kg1 Rg3+ 39. Kh2 Rh3+ 40. Kg1 1/2-1/2

[Event "WY U-16 Chess Olympiad 2019"]
[Site "Corum"]
[Date "2019.10.30"]
[Round "2"]
[White "Stefansson, Vignir Vatnar"]
[Black "Moazaz, Dhahir Habeeb"]
[Result "1-0"]
[WhiteElo "2327"]
[BlackElo "2087"]
[Annotator "TA"]
[PlyCount "53"]
[EventDate "2019.10.28"]
[EventType "team-tourn"]
[EventCountry "TUR"]
[SourceTitle "playchess.com"]
[Source "ChessBase"]
[SourceQuality "1"]

1. d4 d5 2. c4 c6 3. Nc3 Nf6 4. cxd5 cxd5 5. f3 e6 6. e4 dxe4 7. fxe4 Bb4 8. Qd3 Nc6 9. Nf3 O-O 10. a3 Ba5 11. Be2 Re8 12. e5 Nd5 13. O-O h6 14. Ne4 Bb6 15. Kh1 f5 16. exf6 Nxf6 17. Nxf6+ Qxf6 18. Ng5 Qxf1+ 19. Bxf1 hxg5 20. Qg6 Bd7 21. Bd3 Ne7 22. Qh7+ Kf7 23. Bxg5 Nf5 24. Qh5+ Kg8 25. d5 e5 26. Be4 Bd8 27. Bxd8 1-0

[Event "WY U-16 Chess Olympiad 2019"]
[Site "Corum"]
[Date "2019.10.30"]
[Round "2"]
[White "Veiga, Jose Francisco R P N"]
[Black "Globus, Or"]
[Result "1/2-1/2"]
[WhiteElo "2325"]
[BlackElo "2371"]
[Annotator "TA"]
[PlyCount "83"]
[EventDate "2019.10.28"]
[EventType "team-tourn"]
[EventCountry "TUR"]
[SourceTitle "playchess.com"]
[Source "ChessBase"]
[SourceQuality "1"]

1. e4 e5 2. Nf3 Nc6 3. Bb5 a6 4. Ba4 Nf6 5. O-O Be7 6. d3 b5 7. Bb3 O-O 8. a4 b4 9. Nbd2 Bc5 10. Nc4 d6 11. c3 bxc3 12. bxc3 Rb8 13. Ba2 h6 14. h3 Ba7 15. Re1 Re8 16. Be3 Bxe3 17. Nxe3 Be6 18. Bxe6 fxe6 19. Rb1 Na5 20. Qc2 Rxb1 21. Rxb1 Qa8 22. Qb2 Nd7 23. Nd2 Rb8 24. Qa2 Rxb1+ 25. Nxb1 Kf7 26. Nc4 Nxc4 27. Qxc4 Qb7 28. Nd2 Nb6 29. Qb4 Qc6 30. a5 Na4 31. Nc4 Nc5 32. Nb2 Qb7 33. Kf1 Ke7 34. Ke2 Qxb4 35. cxb4 Nb3 36. Na4 Nd4+ 37. Kd2 Nb5 38. g3 g5 39. Nc3 Nxc3 40. Kxc3 c6 41. Kc4 Kf6 42. f3 1/2-1/2

[Event "WY U-16 Chess Olympiad 2019"]
[Site "Corum"]
[Date "2019.10.30"]
[Round "2"]
[White "Krstulovic, Alex"]
[Black "Stoyanov, Tsvetan"]
[Result "1/2-1/2"]
[WhiteElo "2324"]
[BlackElo "2377"]
[Annotator "RC"]
[PlyCount "55"]
[EventDate "2019.10.28"]
[EventType "team-tourn"]
[EventCountry "TUR"]
[SourceTitle "playchess.com"]
[Source "ChessBase"]
[SourceQuality "1"]

1. d4 d5 2. c4 e6 3. Nf3 Nf6 4. Nc3 dxc4 5. e4 b5 6. e5 Nd5 7. Nxb5 Nb6 8. Be2 Nc6 9. O-O Be7 10. Be3 O-O 11. Nc3 Bb7 12. Qd2 Nb4 13. Rac1 Rb8 14. Rfd1 N4d5 15. Nxd5 Bxd5 16. Qc2 Qc8 17. Nd2 Qb7 18. f3 Rfc8 19. Ne4 Bc6 20. Rb1 Nd5 21. Bd2 Qb6 22. Kh1 Qxd4 23. Qxc4 Qb6 24. Rdc1 Be8 25. Nc3 Ne3 26. Qa6 Nf5 27. Qxb6 axb6 28. Ne4 1/2-1/2